000 01512nam a2200409 c 4500
999 _c50028
_d50028
001 50028
003 ES-MaCES
005 20171009134647.0
008 171006s2017 us o000 | eng d
020 _a9780226442877
020 _a9780226442907 (e-boo)
040 _aES-MaCES
_bspa
_cES-MaCES
245 0 0 _aSocial Security programs and retirement around the world
_b: the capacity to work at older ages
_cedited by David A. Wise
260 _aChicago
_aLondon
_bUniversity of Chicago Press
_c[2017]
300 _aVII, 406 p.
_bgráf. bl. y n.
_c24 cm
490 1 _aNational Bureau of Economic Research Conference Report (Estados Unidos)
500 _aÍndices
504 _aBibliografía
541 _cCompra
650 4 _aseguridad social
_927034
650 4 _aplanificación de la seguridad social
_930667
650 4 _ajubilación
_928360
650 4 _arégimen de pensión
_927042
650 4 _apersonas de edad avanzada
_928521
650 4 _atrabajador de edad avanzada
_928410
650 4 _apaís de la OCDE
_929055
650 4 _aEspaña
_926964
650 4 _aestudio de casos
_928846
650 4 _acomparación
_928892
653 1 0 _aSeguridad Social
700 1 _aWise, David A.
_eed. lit.
_926340
710 2 _aUniversity of Chicago
_eed.
_95432
787 0 _tSocial security programs and retirement around the world
_w(ES-MaCES)24796
830 0 _aNational Bureau of Economic Research Conference Report (Estados Unidos)
_934679
902 _aLIB Libro
942 _2CES
_cBK
_h3.0.